000 00453pab a2200169 454500
008 180718b2011 xxu||||| |||| 00| 0 eng d
100 _aSuhonen, Marjo
245 _aShared human capital in project management: A systematic review of the literature
260 _c2011
300 _ap.4-16.
362 _aMar
650 _aProject management
700 _aPaasivaara, Leena
773 _aProject Management Journal
908 _aN
909 _a92162
999 _c92162
_d92162